|
|
|
|
| LEADER |
00966nam a2200253 a 4500 |
| 001 |
c000110662 |
| 003 |
CARM |
| 005 |
19960724000000.0 |
| 008 |
920708s1989 ru a 000 0 rus d |
| 019 |
1 |
|
|a 7567304
|5 LACONCORD2021
|
| 020 |
|
|
|a 5235003667 (2-i z-d)
|
| 035 |
|
|
|a (OCoLC)21274132
|5 LACONCORD2021
|
| 040 |
|
|
|a ANL
|b eng
|c ANL
|d NU
|
| 100 |
1 |
|
|a Zhukov, Ivan
|q (Ivan Ivanovich)
|
| 245 |
1 |
0 |
|a Fadeev /
|c Ivan Zhukov.
|
| 260 |
|
|
|a Moskva :
|b "Molodaia gvardiia",
|c 1989.
|
| 300 |
|
|
|a 333, [32] p. :
|b ill., ports ;
|c 21 cm.
|
| 440 |
|
0 |
|a Zhizn zamechatelnykh liudei ;
|v 703
|
| 504 |
|
|
|a Includes bibliographical references.
|
| 600 |
1 |
0 |
|a Fadeev, Aleksandr,
|d 1901-1956.
|
| 650 |
|
0 |
|a Authors, Russian
|y 20th century
|x Biography.
|
| 852 |
8 |
|
|b CARM
|h A2:AH11B0
|i B03487
|p 0141734
|f BK
|
| 999 |
f |
f |
|i 7a34cce9-937f-52af-b63f-3055573316bd
|s 418a80d1-445a-5da1-a9e8-d8b665ca759e
|
| 952 |
f |
f |
|p Can circulate
|a CAVAL
|b CAVAL
|c CAVAL
|d CARM 1 Store
|e B03487
|f A2:AH11B0
|h Other scheme
|i book
|m 0141734
|